1067 1163 1976 1013 1395 1820 1001 1086 1220 1540 1230 1161 1129 1749 1916 1054 1084 1519 1045 1840 1999 1192 1311 1839 1799 1353 1831 1644 1669 1612 1220 1567 1885 1366 1619 1371 1866 1617 1842 1709 1834 1669 1577 1623 1706 1829 1902 1231 1482 1716 1803 1717 1650 1846 1790 1132 1616 1287 1114 1438 1145 1748 1663 1833 1577 1245 1635 1048 1297 1776 1449 1711 1709 1258 1908 1645 1964 1100 1371 1772 1481 1327 1981 1400 1270 1365 1083 1784 1072 1616 1738 1033 1653 1328 1065 1972 1118 1662 1674 BCNSPRNW ULIB Ver.6.0+V

เปลี่ยนเป็นภาษาไทย

Change to English
 แสดงรายละเอียดบรรณานุกรม
  กลับหน้าหลัก

Brief Record : Get Marc (ISO 2709) : E-mail record : QR code < ปิดหน้าต่าง
LEADER : 00000nam a2200000 a 4500
001    13399113701
003     ULIB
008    051011s2553 th 000 0 tha d
020    ^a9741334087
050  4 ^aPL4165^bพ755ค
100 0  ^aพิศศรี กมลเวชช
245 10 ^aครบครันเรื่องวรรณยุกต์ /^cพิศศรี กมลเวชช
250    ^aพิมพ์ครั้งที่ 7
260    ^aกรุงเทพฯ :^bหอรัตนชัยการพิมพ์,^c2553
300    ^aก-ง , 104 หน้า ;^c21 ซม.
650  4 ^aภาษาไทย^xการออกเสียง
650  4 ^aภาษาไทย^xวรรณยุกต์
650  4 ^aภาษาไทย^xสัทธศาสตร์
945    ^p90^l0^i030829
945    ^p90^l0^i030830
995    ^aเกษร
999 ^a ใช้งานได้ทุกระบบ
รายการนี้ยังไม่มีแท็ก
คุณยังไม่ได้ล็อกอิน คุณสามารถมีกิจกรรมร่วมกับเว็บไซต์ได้ แต่ต้องล็อกอินก่อน ::
  ล็อกอิน

รายการสื่อสารสนเทศ

ลำดับที่ ประเภท เลขเรียก/บาร์โค้ด สถานที่ สถานะ
- ไม่พบข้อมูล -

รายการใกล้เคียง
    ผู้แต่ง [พิศศรี กมลเวชช]

BibComment


ยังไม่เคยถูกคอมเมนท์

คอมเมนท์ทรัพยากรรายการนี้
  คอมเมนท์: ครบครันเรื่องวรร..


 Copyright 2026. Bcnsprnw @Library